|
|
|
|
| LEADER |
00000cas a22000004a 4500 |
| 001 |
vtls001353841 |
| 003 |
SK-MaSNL |
| 005 |
20260228155808.0 |
| 008 |
160628d18791880xo r p 0 0b0ger c |
| 035 |
|
|
|a SNK000307264
|
| 040 |
|
|
|a SNK
|b slo
|c SNK
|e AACR2
|
| 041 |
0 |
|
|a ger
|
| 044 |
|
|
|a xo
|c SK
|
| 110 |
0 |
|
|a Johann Josef v. Geramb'sche Berg-Union Schemnitz, Slovensko
|9 265339
|
| 245 |
1 |
0 |
|a Bericht als Nachtrag zum Jahres-Bericht ...
|
| 260 |
|
|
|a Schemnitz
|b Johann Josef v. Gemb'sche Berg-Union
|c [1879-1880]
|
| 910 |
|
|
|a snk
|
| 999 |
|
|
|c 609
|d 609
|
| 952 |
|
|
|0 0
|1 0
|4 0
|7 0
|8 1
|a SNK
|b SNK
|d 1999-01-28
|i snkD 173/99
|l 0
|o snkČSB 4807/1879-1880 D2
|p 17A0177837
|r 2005-01-02 00:00:00
|w 2026-02-21
|y PREZ
|
| 952 |
|
|
|0 0
|1 0
|4 0
|7 0
|8 1
|a SNK
|b SNK
|d 1999-01-28
|i snkD 171/99
|l 0
|o snkČSB 4807/1879-1880
|p 17A0177839
|r 2005-01-02 00:00:00
|w 2026-02-21
|y PREZ
|
| 952 |
|
|
|0 0
|1 0
|4 0
|7 0
|8 1
|a SNK
|b SNK
|d 1999-01-28
|i snkD 172/99
|l 0
|o snkČSB 4807/1879-1880 D1
|p 17A0177838
|r 2005-01-02 00:00:00
|w 2026-02-21
|y PREZ
|